Nommez une station du métro parisien valide - Statistiques

Statistiques générales
  • Ce quiz a été pris 2 165 fois
  • Le résultat moyen est 7 sur 16
Statistiques - réponses
Nommez une station de métro ... Station de métro % Correct
Dans laquelle passent 5 lignes de métro Châtelet | République
98%
Qui est l'une des 5 premières par ordre alphabétique Abbesses | Aimé Césaire | Alésia | Alexandre Dumas | Alma - Marceau
72%
Dont le nom commence par "Rue" Rue de la Pompe | Rue des Boulets | Rue du Bac | Rue Saint-Maur
58%
Nommée d'après une femme Bagneux - Lucie Aubrac | Barbara | Barbès – Rochechouart | Boucicaut | Chardon-Lagache | Louise Michel | Madeleine | Pierre et Marie-Curie
56%
Composée de 4 lettres Cité | Iéna | Rome
56%
Accessible par tunnel depuis Saint-Lazare sans prendre le métro (exceptée Saint-Lazare) Havre - Caumartin | Opéra | Saint-Augustin
52%
Appartenant à la ligne 3bis Gambetta | Pelleport | Porte des Lilas | Saint-Fargeau
48%
Qui ne partage son initiale avec aucune autre station Kléber | Wagram
44%
Commençant par un Q Quai de la Gare | Quai de la Rapée | Quatre-Septembre
43%
Inaugurée en 2022 Aimé Césaire | Bagneux - Lucie Aubrac | Barbara | Mairie d'Aubervilliers
40%
Dans laquelle les métros ne vont que dans un sens Chardon Lagache | Danube | Église d'Auteuil | Mirabeau | Porte d'Auteuil
34%
Dans laquelle passent 3 lignes de métro de numéros consécutifs Place d'Italie | Saint-Lazare
34%
Ayant exactement le nom de la ville dans laquelle elle se trouve Le Kremlin-Bicêtre | Saint-Mandé
33%
Nommée d'après un roi George V | Philippe Auguste
30%
Qui est l'une des 3 stations les plus empruntées parmi celles où ne passe qu'une seule ligne de métro (en 2019) Bibliothèque François-Mitterrand | La Défense | Les Halles
29%
Bonus : ne pouvant pas être une réponse à ce quiz Invalides
5%
Aucun quiz correspondant
Distribution des résultats
% des personnes avec chaque résultat
Percentile par nombre de réponses
Votre historique - résultats
Vous n’avez pas pris ce quiz